2012 London Olympic Sports - Statistics

General Stats
  • This quiz has been taken 557 times
  • The average score is 15 of 36
Answer Stats
Answer % Correct
Swimming
89%
Athletics
77%
Football
76%
Tennis
72%
Basketball
65%
Archery
61%
Diving
61%
Boxing
59%
Rowing
58%
Badminton
56%
Volleyball
55%
Judo
53%
Table Tennis
53%
Shooting
50%
Wrestling
47%
Equestrian
46%
Hockey
45%
Fencing
43%
Weightlifting
43%
Sailing
41%
Handball
36%
Beach Volleyball
33%
Taekwondo
32%
Triathlon
29%
Water Polo
28%
BMX
27%
Road Cycling
26%
Track Cycling
25%
Synchronised Swimming
15%
Artistic Gymnastics
13%
Rhythmic Gymnastics
12%
Trampoline
11%
Mountain Biking
9%
Canoe Slalom
7%
Canoe Sprint
3%
Modern Pentathalon
2%
No matching quizzes found
Score Distribution
Percent of People with Each Score
Percentile by Number Answered
Your Score History
You have not taken this quiz